[Event "Sydney International Open 2007"]
[Site "Parramatta"]
[Date "2007.04.11"]
[Round "3"]
[White "Dragicevic, Domagoj"]
[Black "Christensen, Joshua"]
[Result "0-1"]
[WhiteElo "2196"]
[BlackElo "1605"]
[WhiteACF "2126"]
[BlackACF "1605"]
1.e4 c5 2.Nc3 d6 3.g3 Nf6 4.Bg2 g6 5.d3 Bg7 6.h3 O-O 7.Be3 Nbd7 8.Nge2 Rb8 9.O-O b5 10.Qd2 b4 11.Nd1 a5 12.f4 a4 13.a3 Qa5 14.g4 Bb7 15.Ng3 Qb5 16.Rf2 Ne8 17.c3 bxc3 18.bxc3 Nc7 19.Qc1 Qa5 20.Qc2 Bc6 21.Bd2 Rb3 22.Ne3 Rfb8 23.Ra2 Qa8 24.Ngf1 Nb5 25.Nd1 Nxa3 26.Qc1 Rb1 27.Qxa3 R8b3 28.Nde3 Rxa3 29.Rxa3 Rb3 30.Nc4 Rxa3 31.Nxa3 Qb7 32.Nc4 Qb1 33.Rf3 Qa1 34.Re3 Bxc3 35.Re1 Bd4+ 36.Kh2 Qa2 37.Nfe3 Qb3 38.Bf1 a3 39.Na5 Qa4 40.Nxc6 Qxc6 41.Nd5 Kf8 42.Nc3 Nb6 43.Ra1 Bxc3 44.Bxc3 Qa4 45.Rc1 Qb3 46.Ba1 a2 47.Be2 Qb1 48.Rg1 Na4 49.f5 Nb2 50.fxg6 hxg6 51.e5 dxe5 52.Rf1 Nxd3 53.Rd1 Nc1 54.Bxe5 f6 55.Rd8+

[Event "Sydney International Open 2007"]
[Site "Parramatta"]
[Date "2007.04.11"]
[Round "3"]
[White "Hu, Jason"]
[Black "Gutierrez Castillo, Paloma"]
[Result "1-0"]
[WhiteElo "2038"]
[BlackElo "2176"]
[WhiteACF "2066"]
[BlackACF "-"]
1.c4 e6 2.Nf3 d5 3.g3 c6 4.Qc2 Nf6 5.Bg2 Nbd7 6.d4 Bd6 7.O-O O-O 8.Rd1 Ne4 9.Ne5 f5 10.f3 Nef6 11.Bf4 Bxe5 12.Bxe5 Nxe5 13.dxe5 Nd7 14.cxd5 Nxe5 15.dxc6 Qb6+ 16.Kh1 Nxc6 17.Nc3 f4 18.Na4 Qb4 19.a3 Qe7 20.gxf4 Rxf4 21.e3 Rf5 22.f4 e5 23.Bd5+ Kh8 24.Be4 Rh5 25.Qc5 Qxc5 26.Nxc5 Bf5 27.Bxf5 Rxf5 28.Nxb7 exf4 29.Rac1 fxe3 30.Rxc6 e2 31.Rg1 Re8 32.Rcc1 Rd5 33.b4 h5 34.Rce1 h4 35.h3 Rd3 36.Rg4 Rd1 37.Rgg1 Rd3 38.Kh2 Ree3 39.Rg2 Rxh3+ 40.Kg1 Rxa3 41.Rexe2 Rab3 42.Nd6 Rxb4 43.Nf7+ Kg8 44.Ng5

[Event "Sydney International Open 2007"]
[Site "Parramatta"]
[Date "2007.04.11"]
[Round "3"]
[White "Zulfic, Fedja"]
[Black "Chokshi, Manthan"]
[Result "0-1"]
[WhiteElo "1895"]
[BlackElo "2168"]
[WhiteACF "1719"]
[BlackACF "-"]
1.d4 d5 2.Nf3 e6 3.e3 c6 4.c4 f5 5.Bd3 Nf6 6.O-O Bd6 7.b3 O-O 8.Ba3 Bxa3 9.Nxa3 Ne4 10.Ne5 Nd7 11.Nxd7 Bxd7 12.Nb1 Be8 13.Nd2 Rf6 14.Nxe4 fxe4 15.Be2 Rh6 16.f3 Qh4 17.h3 Rg6 18.Kh1 Qg5 19.Rg1 Qxe3 20.fxe4 dxe4 21.Bg4 Rf6 22.Re1 Qf4 23.Rf1 Qg5 24.Qe2 Bg6 25.Rxf6 Qxf6 26.Rf1 Qxd4 27.Bxe6+ Kh8 28.Bf7 Rf8 29.Rd1 Qe5 30.Bxg6 hxg6 31.Re1 e3 32.Qd3 Re8 33.Qxg6 e2 34.Qf7 Re6 35.Qf2 Kg8 36.Kg1 a5 37.a3 Qb2 38.b4 a4 39.Qf3 Qd4+ 40.Qf2 Qxc4 41.Qg3 Rf6 42.Qb8+

[Event "Sydney International Open 2007"]
[Site "Parramatta"]
[Date "2007.04.11"]
[Round "3"]
[White "Ly, Moulthun"]
[Black "Tulevski, Vasil G"]
[Result "1-0"]
[WhiteElo "2322"]
[BlackElo "2001"]
[WhiteACF "2260"]
[BlackACF "1857"]
1.e4 c5 2.Nf3 e6 3.d4 cxd4 4.Nxd4 a6 5.Bd3 Bc5 6.Nb3 Be7 7.O-O d6 8.Qe2 Nf6 9.Nc3 Nc6 10.f4 O-O 11.Bd2 Qc7 12.Rae1 Nd7 13.Kh1 Bf6 14.Nd1 g6 15.c3 b6 16.Ne3 Bg7 17.Qf2 Nc5 18.Nxc5 dxc5 19.e5 Ne7 20.Ng4 h5 21.Nf6+ Bxf6 22.exf6 Nd5 23.Be4 Bb7 24.Qh4 Rfb8 25.c4 Nb4 26.Qg5 Qd8 27.Bxg6 Kf8 28.Bxf7 Bxg2+ 29.Qxg2 Qxf6 30.Bxe6 Nd3 31.Qg8+ Ke7 32.Qh7+ Kd6 33.Qd7+

[Event "Sydney International Open 2007"]
[Site "Parramatta"]
[Date "2007.04.11"]
[Round "3"]
[White "Ayvazyan, Armen"]
[Black "Maroroa, Sue"]
[Result "1-0"]
[WhiteElo "2241"]
[BlackElo "1932"]
[WhiteACF "2241"]
[BlackACF "-"]
1.c4 e5 2.Nc3 Nf6 3.Nf3 Nc6 4.g3 Bc5 5.Bg2 d6 6.O-O Be6 7.d3 h6 8.e3 Bb6 9.b3 Qd7 10.d4 Bg4 11.d5 Ne7 12.Qc2 g5 13.b4 Bxf3 14.Bxf3 Ng6 15.Ne4 Nh7 16.c5 Qh3 17.Bg2 Qh5 18.cxb6 f5 19.bxc7 Ke7 20.Nc5 Nh4 21.gxh4 gxh4 22.f4 Rhg8 23.Kh1

[Event "Sydney International Open 2007"]
[Site "Parramatta"]
[Date "2007.04.11"]
[Round "3"]
[White "Pyke, Malcolm L"]
[Black "Brown, Andrew"]
[Result "1-0"]
[WhiteElo "2235"]
[BlackElo "1917"]
[WhiteACF "2135"]
[BlackACF "1912"]
1.c4 c5 2.Nf3 Nc6 3.Nc3 g6 4.e3 Bg7 5.d4 cxd4 6.exd4 d6 7.h3 Nf6 8.Be2 O-O 9.d5 Nb8 10.O-O b6 11.Be3 Nbd7 12.Rc1 Ba6 13.Nd4 Bb7 14.b4 Rc8 15.b5 Nc5 16.Nc6 Qc7 17.Nxa7 Ra8 18.Nc6 Nfe4 19.Nxe4 Nxe4 20.Rc2 Ra4 21.Bd3 Nc5 22.Bxc5 Bxc6 23.Bxb6 Qxb6 24.dxc6 Rfa8 25.Qe2 Qc7 26.Rb1 Bd4 27.Kh1 e5 28.Be4 Rb8 29.Bd5 Kg7 30.Rb3 f5 31.f4 exf4 32.Qe6 Ra7 33.Re2 Be3 34.g3 Qd8 35.Rbxe3 fxe3 36.Qxe3 Qc7 37.g4 Kh8 38.g5 h6 39.Qd4+ Kh7 40.h4 f4 41.Qxf4 Qg7 42.Qf6 hxg5 43.hxg5 Qxf6 44.gxf6 Kh6 45.f7 Kg5 46.Re8 Raa8 47.Rxb8 Rxb8 48.c7 Rc8 49.b6

[Event "Sydney International Open 2007"]
[Site "Parramatta"]
[Date "2007.04.11"]
[Round "3"]
[White "Lin, Zhigen Wilson"]
[Black "Reid, Vaness"]
[Result "1-0"]
[WhiteElo "2189"]
[BlackElo "1885"]
[WhiteACF "2103"]
[BlackACF "1630"]
1.e4 e6 2.d4 d5 3.Nc3 Nf6 4.e5 Nfd7 5.f4 c5 6.Nf3 Nc6 7.Be3 f6 8.exf6 Nxf6 9.dxc5 Qa5 10.Nd2 Qc7 11.Nb3 Be7 12.Be2 O-O 13.O-O Bd7 14.Kh1 Rac8 15.Bf3 Na5 16.Nxa5 Qxa5 17.a3 Qc7 18.f5 Rfd8 19.fxe6 Bxe6 20.Qe2 Bf7 21.Nb5 Qa5 22.a4 a6 23.Bd2

[Event "Sydney International Open 2007"]
[Site "Parramatta"]
[Date "2007.04.12"]
[Round "4"]
[White "Chandler, Murray G"]
[Black "Solomon, Stephen J"]
[Result "1-0"]
[WhiteElo "2548"]
[BlackElo "2430"]
[WhiteACF "2566"]
[BlackACF "2428"]
1.e4 c5 2.Nf3 d6 3.d4 cxd4 4.Nxd4 Nf6 5.Nc3 a6 6.Bc4 e6 7.a4 Nxe4 8.Nxe4 d5 9.Bd3 dxe4 10.Bxe4 Nd7 11.O-O Nf6 12.Bf3 Bc5 13.Nb3 Bd6 14.a5 Qc7 15.h3 e5 16.Bg5 Bf5 17.Bxf6 gxf6 18.Bxb7 Bxc2 19.Qf3 Rb8 20.Bc6+ Ke7 21.Nd2 f5 22.Rac1 e4 23.Bxe4 fxe4 24.Nxe4 Bf4 25.Rxc2 Bh2+ 26.Kh1 Qxc2 27.Qf6+ Kd7 28.Qxf7+ Kc6 29.Qe6+ Kb5 30.Nc3+ Kb4 31.Kxh2 Rhe8 32.Qxa6 Qf5 33.Qd6+ Qc5 34.Qd2 Red8 35.Qc2 Qd6+ 36.Kg1

[Event "Sydney International Open 2007"]
[Site "Parramatta"]
[Date "2007.04.12"]
[Round "4"]
[White "Bakre, Tejas"]
[Black "Matamoros Franco, Carlos S"]
[Result "1/2-1/2"]
[WhiteElo "2426"]
[BlackElo "2523"]
[WhiteACF "-"]
[BlackACF "-"]
1.d4 Nf6 2.Nf3 g6 3.Nbd2 c5 4.dxc5 Qa5 5.a3 Qxc5 6.b4 Qc7 7.Bb2 Bg7 8.Ne4 Qb6 9.Qd4 Qc6 10.Qc3 O-O 11.Nxf6+ Bxf6 12.Qxc6 dxc6 13.Bxf6 exf6 14.e3 a5 15.Rb1 axb4 16.axb4 c5 17.bxc5 Bd7 18.Bc4 Bc6

[Event "Sydney International Open 2007"]
[Site "Parramatta"]
[Date "2007.04.12"]
[Round "4"]
[White "Rogers, Ian"]
[Black "Lane, Gary W"]
[Result "1-0"]
[WhiteElo "2513"]
[BlackElo "2421"]
[WhiteACF "2621"]
[BlackACF "2452"]
1.e4 e5 2.Nf3 Nc6 3.Bb5 a6 4.Ba4 Nf6 5.O-O Be7 6.Re1 b5 7.Bb3 d6 8.c3 O-O 9.h3 Be6 10.d4 Bxb3 11.Qxb3 d5 12.exd5 Na5 13.Qd1 exd4 14.Nxd4 Nxd5 15.b4 c5 16.Nf5 Nc6 17.a4 Bf6 18.axb5 Nxc3 19.Qxd8 Nxd8 20.Rxa6 Rxa6 21.bxa6 cxb4 22.Nxc3 Bxc3 23.a7 Ne6 24.Rd1 b3 25.Rd7 b2 26.Bxb2 Bxb2 27.Ne7+ Kh8 28.Nc6 Rc8 29.Rb7

[Event "Sydney International Open 2007"]
[Site "Parramatta"]
[Date "2007.04.12"]
[Round "4"]
[White "Smerdon, David C"]
[Black "Xie, George"]
[Result "1/2-1/2"]
[WhiteElo "2456"]
[BlackElo "2404"]
[WhiteACF "2469"]
[BlackACF "2375"]
1.e4 c5 2.Nf3 Nc6 3.c3 d5 4.exd5 Qxd5 5.d4 e6 6.Bd3 Nf6 7.O-O Be7 8.Be3 cxd4 9.cxd4 O-O 10.Nc3 Qd6 11.a3 b6 12.Qe2 Bb7 13.Rad1 Rad8 14.Rfe1 Qb8 15.Bb1 Rfe8 16.Bg5 g6 17.Ba2 Ng4 18.g3 Nf6 19.Qe3 Ng4 20.Qe2 Nf6 21.Qe3 Ng4 22.Qe2 Nf6

[Event "Sydney International Open 2007"]
[Site "Parramatta"]
[Date "2007.04.12"]
[Round "4"]
[White "Toth, Andras"]
[Black "Johansen, Darryl K"]
[Result "1-0"]
[WhiteElo "2408"]
[BlackElo "2456"]
[WhiteACF "2430"]
[BlackACF "2467"]
1.e4 e6 2.d4 d5 3.Nc3 Bb4 4.e5 b6 5.a3 Bf8 6.Bb5+ c6 7.Ba4 Ba6 8.Nce2 Bb5 9.Bb3 c5 10.c3 Nc6 11.Nf3 Nge7 12.Bc2 Qd7 13.O-O h6 14.Re1 Bxe2 15.Qxe2 g6 16.dxc5 bxc5 17.b4 c4 18.a4 Bg7 19.h4 h5 20.b5 Na5 21.Nd4 Nf5 22.Bxf5 gxf5 23.Bg5 Kf8 24.Rab1 Qc7 25.Qe3 Qb6 26.Bf6 Bh6 27.Qf3 Bg7 28.Qg3 Bxf6 29.exf6 Rg8 30.Qe5 Rg4 31.Nc6 Kg8 32.Qd6 Nb3 33.Qe7 Nd2 34.Ne5 Rf8 35.Rb2 Qa5 36.Nxg4 hxg4 37.Rxd2 Qxc3 38.Rde2

[Event "Sydney International Open 2007"]
[Site "Parramatta"]
[Date "2007.04.12"]
[Round "4"]
[White "Zhao, Zong-Yuan"]
[Black "Ansell, Simon"]
[Result "1-0"]
[WhiteElo "2476"]
[BlackElo "2402"]
[WhiteACF "2537"]
[BlackACF "-"]
1.e4 c5 2.Nf3 Nc6 3.d4 cxd4 4.Nxd4 e5 5.Nb5 d6 6.c4 Be7 7.N1c3 a6 8.Na3 Be6 9.Nd5 Rc8 10.Be3 Bg5 11.Bb6 Qd7 12.Be2 Bd8 13.O-O Nge7 14.Be3 O-O 15.Qd3 f5 16.f3 Qe8 17.Nc2 f4 18.Bf2 Qh5 19.Rfd1 Ng6 20.Qa3 Bh4 21.Rf1 Qg5 22.Bxh4 Nxh4 23.Rf2 Bh3 24.Bf1 Rce8 25.Kh1 Bc8 26.Qxd6 Re6 27.Qa3 Rh6 28.Rd2 Qg3

[Event "Sydney International Open 2007"]
[Site "Parramatta"]
[Date "2007.04.12"]
[Round "4"]
[White "Garbett, Paul"]
[Black "Wright, Neil S"]
[Result "1-0"]
[WhiteElo "2313"]
[BlackElo "2217"]
[WhiteACF "2394"]
[BlackACF "2118"]
1.e4 c5 2.Nf3 Nc6 3.Bb5 e6 4.Bxc6 bxc6 5.d3 Qc7 6.b3 a5 7.a4 d5 8.Nbd2 Bd6 9.Bb2 f6 10.e5 fxe5 11.Nxe5 Nf6 12.Qe2 O-O 13.O-O Nd7 14.Ndf3 Rf5 15.Rae1 Nxe5 16.Bxe5 Bxe5 17.Nxe5 Ba6 18.f4 Raf8 19.g3 Bb7 20.Qe3 Qd6 21.Qd2 g5 22.Ng4 Kg7 23.fxg5 c4 24.Rxf5 Rxf5 25.g6 Rh5 26.Qf2 Qe7 27.gxh7 cxd3 28.cxd3 c5 29.Qf4 Qf7 30.h8=Q+ Rxh8 31.Qe5+ Kg8 32.Rf1

[Event "Sydney International Open 2007"]
[Site "Parramatta"]
[Date "2007.04.12"]
[Round "4"]
[White "Christensen, Joshua"]
[Black "Smith, Robert W"]
[Result "0-1"]
[WhiteElo "1605"]
[BlackElo "2294"]
[WhiteACF "1605"]
[BlackACF "2285"]
1.d4 d5 2.c4 c6 3.Nf3 Nf6 4.e3 g6 5.Be2 Bg7 6.O-O O-O 7.Nc3 a6 8.b4 dxc4 9.Bxc4 Bg4 10.h3 Bxf3 11.Qxf3 Nbd7 12.Bd2 e5 13.Rab1 exd4 14.exd4 Nb6 15.Qd3 Qd6 16.a4 Rad8 17.Be3 Rfe8 18.b5 cxb5 19.axb5 a5 20.Rfc1 Rc8 21.Ne2 Nfd5 22.Qb3 Nxc4 23.Rxc4 Rxc4 24.Qxc4 Nxe3 25.fxe3 Bh6 26.Rf1 Bxe3+ 27.Kh1 Re7 28.d5 Bb6 29.Nc3 Bc7

[Event "Sydney International Open 2007"]
[Site "Parramatta"]
[Date "2007.04.12"]
[Round "4"]
[White "Chow, Samuel"]
[Black "Hu, Jason"]
[Result "1/2-1/2"]
[WhiteElo "2220"]
[BlackElo "2038"]
[WhiteACF "2278"]
[BlackACF "2066"]
1.d4 d5 2.Nf3 c6 3.g3 Bf5 4.Bg2 Nf6 5.O-O e6 6.c4 Be7 7.Qb3 Qb6 8.c5 Qxb3 9.axb3 Bxb1 10.Rxb1 O-O 11.Ra1 Na6 12.Ra4 Nc7 13.h3 Nd7 14.Bf4 Nb5 15.g4 Rae8 16.e3 a6 17.Re1 Bd8 18.Bf1 f6 19.Bxb5 cxb5 20.Raa1 e5 21.Bg3 e4 22.Nd2 Re6 23.b4 f5 24.gxf5 Rxf5 25.Rec1 Rc6 26.Nf1 h5 27.Nh2 Be7 28.h4 g5 29.hxg5 Bxg5 30.Bd6 Bh4 31.Rf1 Bg5 32.Kg2 Nf6 33.Rg1 Kf7 34.f4 exf3+ 35.Nxf3 Rc8 36.Nxg5+ Rxg5+ 37.Kf3 Rcg8 38.Rxg5 Rxg5 39.c6 bxc6 40.Rxa6 Ne4 41.Rxc6 h4 42.Be5 Rg1 43.Rh6 h3 44.Bf4 Nd2+ 45.Ke2 Rg2+ 46.Kd1 Nc4 47.Rxh3 Nxb2+ 48.Ke1 Ke6 49.Rh2 Rxh2 50.Bxh2 Kf5 51.Ke2 Ke4 52.Bd6 Nc4 53.Bf4 Nb6 54.Bg5 Nd7 55.Be7 Nb6 56.Bf8 Nc4 57.Bh6 Nd6 58.Bf4 Nf5 59.Bg5 Nd6 60.Bf4 Nf7 61.Bc7 Nh6 62.Bf4 Nf5 63.Bg5 Ng3+ 64.Kf2 Nh5 65.Ke2 Ng7 66.Bf6 Ne6 67.Be7 Ng7 68.Bf6 Nf5

[Event "Sydney International Open 2007"]
[Site "Parramatta"]
[Date "2007.04.12"]
[Round "4"]
[White "Mikhalevski, Victor"]
[Black "Cunanan, Homer"]
[Result "1-0"]
[WhiteElo "2590"]
[BlackElo "2150"]
[WhiteACF "-"]
[BlackACF "-"]
1.d4 Nf6 2.c4 c5 3.d5 e6 4.Nc3 exd5 5.cxd5 d6 6.g3 g6 7.Bg2 Bg7 8.Nf3 O-O 9.O-O Na6 10.Nd2 Nc7 11.Nc4 b5 12.Nxd6 Qxd6 13.Bf4 Qb6 14.d6 Bb7 15.Bxb7 Qxb7 16.dxc7 Rfe8 17.a4 b4 18.Nb5 Ne4 19.f3 a6 20.fxe4 axb5 21.Qd5 Qb6 22.Bd6 c4+ 23.Kh1 Qd4 24.Qxd4 Bxd4 25.axb5 Rac8 26.Ra6 b3 27.b6

[Event "Sydney International Open 2007"]
[Site "Parramatta"]
[Date "2007.04.12"]
[Round "4"]
[White "Ikeda, Junta"]
[Black "Goldenberg, Igor"]
[Result "0-1"]
[WhiteElo "2154"]
[BlackElo "2388"]
[WhiteACF "2164"]
[BlackACF "2368"]
1.d4 Nf6 2.Nf3 g6 3.c4 Bg7 4.g3 O-O 5.Bg2 d6 6.O-O Nc6 7.b3 a6 8.Bb2 Rb8 9.Qc1 e6 10.Nbd2 Re8 11.e4 Bd7 12.h3 b5 13.e5 Nh5 14.Re1 bxc4 15.Nxc4 Nb4 16.Qd2 d5 17.Ne3 Bf8 18.Ng4 Qe7 19.Nh6+ Bxh6 20.Qxh6 Qf8 21.Qd2 Rec8 22.g4 Ng7 23.Rec1 Rb7 24.Rc5 Ra8 25.a3 Nc6 26.Rac1 Rb6 27.b4 Ne8 28.Bf1 Rab8 29.Bc3 Nd8 30.Ba1 Bb5 31.Nh2 c6 32.f4 f5 33.exf6 Nxf6 34.Bg2 Bc4 35.Re1 R8b7 36.Qc3 Bb5 37.Qc2 Rf7 38.a4 Bc4 39.Rxc4 dxc4 40.d5 Qxb4 41.Qf2 cxd5 42.Bd4 Rb8 43.f5 Ne4 44.Qe3 exf5 45.gxf5 Nc6 46.fxg6 hxg6 47.Bxe4 Re8 48.Bc3 Rxe4 49.Qxe4 dxe4 50.Bxb4 Nxb4 51.Ng4 c3 52.Nh6+ Kg7 53.Nxf7 c2 54.Ng5 Nd3 55.Rf1 e3 56.Ne6+ Kh6 57.Nd4 c1=Q 58.Rxc1 Nxc1 59.Kf1 Kg5 60.Ke1 Kf4 61.Nc2 Kf3 62.Kd1 Nd3 63.Nd4+ Kf2 64.a5 Nf4 65.Nc2 Nxh3

[Event "Sydney International Open 2007"]
[Site "Parramatta"]
[Date "2007.04.12"]
[Round "4"]
[White "Bjelobrk, Igor"]
[Black "Broekhuyse, Paul"]
[Result "1-0"]
[WhiteElo "2386"]
[BlackElo "2137"]
[WhiteACF "2422"]
[BlackACF "2135"]
1.Nf3 Nf6 2.c4 e6 3.g3 b6 4.Bg2 Bb7 5.O-O c5 6.Nc3 Be7 7.Re1 d5 8.cxd5 exd5 9.d4 O-O 10.Bf4 Na6 11.Rc1 Rc8 12.Bh3 Ra8 13.a3 Re8 14.Qa4 Ne4 15.Bd7 cxd4 16.Nxe4 dxe4 17.Bxe8 exf3 18.Bc6 Bxc6 19.Qxc6 fxe2 20.Rxe2 Nc5 21.Rxe7 Rc8 22.Rce1 Ne6 23.R1xe6 fxe6 24.Qxe6+ Kh8 25.Bh6

[Event "Sydney International Open 2007"]
[Site "Parramatta"]
[Date "2007.04.12"]
[Round "4"]
[White "Suttor, Vincent"]
[Black "West, Guy"]
[Result "1/2-1/2"]
[WhiteElo "2153"]
[BlackElo "2368"]
[WhiteACF "2173"]
[BlackACF "2326"]
1.d4 f5 2.Nc3 d5 3.Bg5 Nf6 4.Bxf6 exf6 5.e3 c6 6.Bd3 Be6 7.Qf3 Qd7 8.Nge2 Na6 9.Bxa6 bxa6 10.Nf4 Bd6 11.Nd3 O-O 12.Na4 Rae8 13.Nac5 Qc8 14.O-O-O Bf7 15.h3

[Event "Sydney International Open 2007"]
[Site "Parramatta"]
[Date "2007.04.12"]
[Round "4"]
[White "Sales, Jesse Noel"]
[Black "Zvedeniouk, Ilia"]
[Result "1-0"]
[WhiteElo "2361"]
[BlackElo "2121"]
[WhiteACF "2389"]
[BlackACF "2075"]
1.Nf3 Nf6 2.c4 e6 3.Nc3 d5 4.d4 Nbd7 5.cxd5 exd5 6.Bg5 Be7 7.e3 b6 8.Bb5 Bb7 9.Ne5 O-O 10.Nc6 Bxc6 11.Bxc6 Rb8 12.Qf3 b5 13.Bxd7 Qxd7 14.Bxf6 Bxf6 15.Qxd5 Qe7 16.O-O Rfd8 17.Qf3 Qe6 18.Ne4 Be7 19.Rac1 c6 20.Nc5

[Event "Sydney International Open 2007"]
[Site "Parramatta"]
[Date "2007.04.12"]
[Round "4"]
[White "Wei, Michael"]
[Black "Ly, Moulthun"]
[Result "0-1"]
[WhiteElo "2148"]
[BlackElo "2322"]
[WhiteACF "2149"]
[BlackACF "2260"]
1.e4 e6 2.d4 d5 3.Nc3 Nf6 4.Bg5 Bb4 5.e5 h6 6.Bd2 Bxc3 7.bxc3 Ne4 8.Qg4 g6 9.Bd3 Nxd2 10.Kxd2 c5 11.h4 c4 12.Be2 Nd7 13.h5 g5 14.Qg3 f5 15.exf6 Nxf6 16.f3 Qe7 17.Qe5 O-O 18.Nh3 Nd7 19.Qc7 Qf6 20.Qd6 a5 21.Nf2 Ra6 22.Qh2 e5 23.Ng4 Qe7 24.Nxe5 Re6 25.Rae1 Nxe5 26.dxe5 b5 27.f4 Rxf4 28.Rhf1 Re4 29.Bd1 R6xe5 30.Rxe4 dxe4 31.Be2 e3+

[Event "Sydney International Open 2007"]
[Site "Parramatta"]
[Date "2007.04.12"]
[Round "4"]
[White "Lazarus, Benjamin"]
[Black "Bucher, Denis"]
[Result "1-0"]
[WhiteElo "2140"]
[BlackElo "2315"]
[WhiteACF "1981"]
[BlackACF "-"]
1.e4 c5 2.Nf3 Nc6 3.d4 cxd4 4.Nxd4 Nf6 5.Nc3 e5 6.Ndb5 d6 7.Bg5 a6 8.Na3 b5 9.Nd5 Be7 10.Bxf6 Bxf6 11.c3 Nb8 12.Nc2 Nd7 13.a4 bxa4 14.Rxa4 Bb7 15.Ra2 Nc5 16.Bc4 O-O 17.Qe2 Bg5 18.O-O a5 19.b3 Kh8 20.Na3 f5 21.exf5 Rxf5 22.Nb5 e4 23.Rd1 Re5 24.Ndc7 e3 25.f3 Bf4 26.Nxd6 Bxh2+ 27.Kf1 Qxc7 28.Nf7+ Kg8 29.Nxe5+ Kf8 30.Nd3 Re8 31.Nxc5 Qxc5 32.Rd7 Re7 33.Rd8+ Re8 34.Rd7 Re7 35.Rad2 Bf4 36.Rd8+ Re8 37.R8d7 Re7 38.Rd8+ Re8 39.R2d7 Rxd8 40.Rxd8+ Ke7 41.Qd3 Bd6 42.Rg8 Qe5 43.Ke2 g6 44.Qxe3 Qxe3+ 45.Kxe3 Be5 46.Kd3 Bc6 47.Rc8 Bd7 48.Rc5 Bf5+ 49.Kd2

[Event "Sydney International Open 2007"]
[Site "Parramatta"]
[Date "2007.04.12"]
[Round "4"]
[White "Steadman, Michael"]
[Black "Dizdarevic, Mehmedalija"]
[Result "1-0"]
[WhiteElo "2273"]
[BlackElo "2096"]
[WhiteACF "2227"]
[BlackACF "1980"]
1.c4 Nf6 2.Nc3 g6 3.e4 d6 4.g3 Bg7 5.Bg2 c6 6.Nge2 O-O 7.O-O Qa5 8.d3 Nbd7 9.h3 e5 10.Be3 a6 11.a4 Qc7 12.Qd2 b6 13.f4 Nc5 14.Rab1 exf4 15.gxf4 Ncd7 16.Ng3 Bb7 17.d4 c5 18.d5 Kh8 19.Rbe1 Rae8 20.Qd3 Ng8 21.Bc1 Qd8 22.e5 dxe5 23.f5 e4 24.Ncxe4 Bd4+ 25.Be3 Ne5 26.Bxd4 cxd4 27.Qxd4 f6 28.fxg6 hxg6 29.Ng5 Kg7 30.Nf3 Nxf3+ 31.Bxf3 Qd6 32.Ne4 Qb4 33.Bg2 Re5 34.Qc3 Qxc3 35.Nxc3 Rxe1 36.Rxe1 Bc8 37.a5 bxa5 38.c5 Bf5 39.d6 Rb8 40.c6 Rd8 41.d7

[Event "Sydney International Open 2007"]
[Site "Parramatta"]
[Date "2007.04.12"]
[Round "4"]
[White "Gibbons, Robert"]
[Black "Rej, Tomek"]
[Result "0-1"]
[WhiteElo "2077"]
[BlackElo "2260"]
[WhiteACF "2034"]
[BlackACF "2258"]
1.e4 e5 2.Nf3 Nc6 3.Bc4 Bc5 4.Nc3 d6 5.d3 Nf6 6.Bg5 Na5 7.Na4 Nxc4 8.dxc4 Bxf2+ 9.Ke2 Bd7 10.Bxf6 Qxf6 11.Kxf2 Bxa4 12.Rf1 Bc6 13.Qd3 O-O 14.Kg1 Qh6 15.Nd2 Rad8 16.Rf2 Bd7 17.Qd5 c6 18.Qa5 Qe3 19.Kf1 f5 20.Re1 Qd4 21.c3 Qb6 22.Qa3 Qc7 23.Kg1 fxe4 24.Rxf8+ Rxf8 25.Nxe4 d5 26.cxd5 cxd5 27.Qc5 Qc6 28.Qxc6 Bxc6 29.Nc5 Rf5 30.Nd3 e4 31.Nc5 Rf6 32.Rf1 Rd6 33.Rf4 g5 34.Rf5 h6 35.Nb3 Bd7 36.Rf2 Bb5 37.Nd4 Bd3 38.h3 Rb6 39.b3 a5 40.Rf5 Rd6 41.a3 b5 42.Re5 Kf7 43.Kf2 Kf6 44.Ke3 Kxe5

[Event "Sydney International Open 2007"]
[Site "Parramatta"]
[Date "2007.04.12"]
[Round "4"]
[White "Milligan, Helen"]
[Black "Ayvazyan, Armen"]
[Result "0-1"]
[WhiteElo "2041"]
[BlackElo "2241"]
[WhiteACF "2019"]
[BlackACF "2241"]
1.e4 c5 2.Nf3 Nc6 3.Bb5 d6 4.d4 cxd4 5.Qxd4 Bd7 6.Bxc6 bxc6 7.c4 e5 8.Qd3 Qc7 9.Nc3 Ne7 10.O-O Ng6 11.Re1 Be7 12.Be3 O-O 13.Rad1 Rad8 14.Qe2 f5 15.Bg5 fxe4 16.Nxe4 Bg4 17.Qe3 Bxf3 18.gxf3 d5 19.Bxe7 Qxe7 20.Ng3 Nh4 21.f4 Qd7 22.f5 e4 23.Kh1 Nxf5 24.Qc5 Qf7 25.Rd2 Nh4 26.Re3 d4 27.Ra3 e3

[Event "Sydney International Open 2007"]
[Site "Parramatta"]
[Date "2007.04.12"]
[Round "4"]
[White "Repplinger, Marc"]
[Black "Zirdum, Ivan"]
[Result "1-0"]
[WhiteElo "2239"]
[BlackElo "2061"]
[WhiteACF "-"]
[BlackACF "2036"]
1.d4 Nf6 2.Nf3 g6 3.c4 Bg7 4.Nc3 O-O 5.e4 d6 6.Be2 e5 7.O-O c6 8.dxe5 dxe5 9.b4 Qc7 10.Qc2 Re8 11.Rd1 Nbd7 12.b5 Nf8 13.Ba3 Bg4 14.Bd6 Qa5 15.Rab1 N8d7 16.c5 Rac8 17.Bc4 Nf8 18.bxc6 bxc6 19.Rb7 Ne6 20.Ne2 Bxf3 21.gxf3 Nh5 22.Qb3 Qd8 23.Be7 Qa5 24.Bxe6 fxe6 25.Qxe6+ Kh8 26.Qf7 Qa6 27.Rb2 Rg8 28.Rd7 Qa5 29.Rbd2 Rb8 30.Rd1 Qa3 31.Ng3 Nf4

[Event "Sydney International Open 2007"]
[Site "Parramatta"]
[Date "2007.04.12"]
[Round "4"]
[White "Mendes da Costa, Alex"]
[Black "Pyke, Malcolm L"]
[Result "0-1"]
[WhiteElo "2017"]
[BlackElo "2235"]
[WhiteACF "1925"]
[BlackACF "2135"]
1.e4 e6 2.d4 d5 3.Nd2 Nf6 4.e5 Nfd7 5.Bd3 c5 6.c3 Nc6 7.Ne2 cxd4 8.cxd4 f6 9.exf6 Qxf6 10.Nf3 Bd6 11.Bg5 Qf7 12.O-O O-O 13.Bh4 Nf6 14.Bg3 Bxg3 15.Nxg3 a6 16.Rc1 Bd7 17.Re1 Rae8 18.Re2 g6 19.Qb3 Bc8 20.Qc3 Qe7 21.Bxa6 Nb4 22.Bb5 Nxa2 23.Qc2 Nxc1 24.Qxc1 Bd7 25.Bxd7 Nxd7 26.Qe1 Qd6 27.h4 Rf4 28.h5 Nf8 29.Re5 Qe7 30.Qd2 Qf6 31.Qb4 Rc8 32.Re1 Qg7 33.Ne5 Rc2 34.Nf3 Qc7 35.hxg6 hxg6 36.Nf1 Rf7 37.Ne3 Rc1 38.Ng4 Rf4 39.Nge5 Rxe1+ 40.Qxe1 Qb6 41.Qd2 Re4 42.Qh6 Qd8 43.Ng5 Re1+ 44.Kh2 Qf6 45.Ngf7 Re4 46.Kg1 Rxd4 47.g3 Re4 48.g4 Nd7 49.Ng5 Nxe5 50.Nxe4 Nf3+

[Event "Sydney International Open 2007"]
[Site "Parramatta"]
[Date "2007.04.12"]
[Round "4"]
[White "Tredinnick, Malcolm Robert"]
[Black "Voon, Richard"]
[Result "1/2-1/2"]
[WhiteElo "2205"]
[BlackElo "2023"]
[WhiteACF "2137"]
[BlackACF "1886"]
1.c4 Nf6 2.g3 c5 3.Bg2 Nc6 4.Nc3 g6 5.Nf3 Bg7 6.O-O O-O 7.d4 cxd4 8.Nxd4 Qb6 9.Nb3 d6 10.Bg5 Be6 11.Nd5 Bxd5 12.cxd5 Ne5 13.Rb1 Rac8 14.Be3 Qa6 15.Bd4 Ned7 16.a3 b6 17.Qd2 Rc4 18.Bc3 Nc5 19.Nxc5 Rxc5 20.Rfe1 Qc8 21.Rbc1 Qd7 22.b4 Rc7 23.Bxf6 Bxf6 24.Rxc7 Qxc7 25.Rc1 Qb7 26.b5 Qd7 27.Rc6 Qf5 28.Qc2 Qe5 29.Bf3 Qa1+ 30.Qc1 Qa2 31.Rc7 Bb2 32.Qg5 Bf6 33.Qc1 Bb2 34.Qe3 Bxa3 35.Qxe7 Qb1+ 36.Kg2 Qxb5 37.Rxa7 Bc5 38.Bg4 Qe8 39.Qxe8 Rxe8 40.Rb7 Re4 41.Bf3 Rb4 42.h3 Kg7 43.Bg4 Kf6 44.Bd7 Re4 45.Bg4 h5 46.Bf3 Rb4 47.g4 hxg4 48.hxg4 g5 49.Kg3 Bd4 50.e3 Bc5 51.Bd1 Rb2 52.Ba4 Rd2 53.Bc6 Rd1 54.Kg2 Rd2 55.Kg3

[Event "Sydney International Open 2007"]
[Site "Parramatta"]
[Date "2007.04.12"]
[Round "4"]
[White "Illingworth, Max"]
[Black "Lin, Zhigen Wilson"]
[Result "1/2-1/2"]
[WhiteElo "2007"]
[BlackElo "2189"]
[WhiteACF "1963"]
[BlackACF "2103"]
1.d4 d5 2.c4 e6 3.Nc3 Nf6 4.cxd5 exd5 5.Bg5 c6 6.e3 Be7 7.Bd3 Nbd7 8.Nf3 O-O 9.Qc2 Re8 10.O-O Nf8 11.Rae1 Ne4 12.Bxe7 Qxe7 13.Bxe4 dxe4 14.Nd2 f5 15.f3 exf3 16.Nxf3 Be6 17.e4 fxe4 18.Nxe4 Bf5 19.Qb3+ Be6 20.Qc2 Bf5 21.Qb3+ Be6 22.Qc2 Bf5 23.Qb3+

[Event "Sydney International Open 2007"]
[Site "Parramatta"]
[Date "2007.04.12"]
[Round "4"]
[White "Tsagarakis, Angelo"]
[Black "Caoili, Arianne B"]
[Result "1-0"]
[WhiteElo "1901"]
[BlackElo "2153"]
[WhiteACF "1801"]
[BlackACF "2196"]
1.Nf3 Nf6 2.b3 d6 3.Bb2 e5 4.d3 Be7 5.g3 O-O 6.Bg2 c6 7.O-O Re8 8.Nbd2 Bf8 9.c4 Bf5 10.Re1 a5 11.e4 Bg4 12.Qc2 Bxf3 13.Nxf3 Na6 14.Rad1 Nd7 15.d4 Qc7 16.Qd2 Rad8 17.Qg5 f6 18.Qc1 Nb4 19.Qb1 b5 20.a3 Na6 21.cxb5 cxb5 22.Qd3 Qb7 23.Bf1 Nc7 24.b4 a4 25.Rc1 Rc8 26.Bh3 Na8 27.Rxc8 Rxc8 28.dxe5 Re8 29.exf6 Nxf6 30.e5 dxe5 31.Nxe5 Qd5 32.Qxd5+ Nxd5 33.Bd7 Re7 34.Bxb5 Nab6 35.f4 Rc7 36.Rc1 Rxc1+ 37.Bxc1 Nc3 38.Ba6

[Event "Sydney International Open 2007"]
[Site "Parramatta"]
[Date "2007.04.12"]
[Round "4"]
[White "Wan, Dennis"]
[Black "Pickering, Anthony"]
[Result "1-0"]
[WhiteElo "1525"]
[BlackElo "1961"]
[WhiteACF "1525"]
[BlackACF "1789"]
1.d4 Nf6 2.Nc3 c5 3.d5 g6 4.Bf4 d6 5.Qd2 Nbd7 6.f3 Nh5 7.Bh6 Bxh6 8.Qxh6 Ne5 9.g4 Qb6 10.Nd1 Bxg4 11.fxg4 Nxg4 12.Qd2 O-O 13.Bg2 c4 14.Nh3 e6 15.Bf3 Nhf6 16.Qf4 e5 17.Qxc4 Rac8 18.Qb3 Qc5 19.Rc1 Rc7 20.Nhf2 Nxf2 21.Nxf2 e4 22.Nxe4 Nxe4 23.Bxe4 Re8 24.Bd3 Qe3 25.Rd1 Qf4 26.Rd2 Re5 27.Kd1 Rh5 28.Kc1 Rxh2 29.Rxh2 Qxh2 30.Qa4 Qg1+ 31.Rd1 Qe3+ 32.Kb1 f5 33.Qh4 g5 34.Qh6 Qe7 35.Qe6+ Kg7 36.Qxe7+ Rxe7 37.Bxf5 Rxe2 38.c4 b6 39.b4 Rf2 40.Be6 Rf4 41.Rg1 Rxc4 42.Rxg5+ Kh6 43.Rg4 Rxg4 44.Bxg4 Kg5 45.Be6 h6 46.Kc2